000 02202nam2a22002531 4500
001 rc\72435
005 20250620193804.0
010 _a5-215-00361-0
_9100
035 _a(NLR Aleph) 005389756
090 _a7176479
_c7176479
100 _a20021216d1997 |||y0rusy50 ca
101 0 _arus
102 _aRU
105 _ay |||||||||
200 0 _aЧ. 1
210 _d1997
_aБ. м.
215 _a41 с.
320 _aБиблиогр.: с. 40
461 0 _1001rc\72434
_12001#$aСборник задач, экономических игр и ситуаций по дисциплине "Экономика предприятия"$eДля студентов спец. "Менеджмент" 061100 специализаций "Произв. менеджмент в машиностроении" - 061101, "Инновац. менеджмент" - 061112, "Упр. персоналом" - 061111$fМ-во общ. и проф. образования Рос. Федерации. Гос. акад. упр. им. Серго Орджоникидзе, Ин-т упр. в машиностроит. пром-сти. Каф. произв. менеджмента в машиностроении$g[Сост. д. э. н., проф. Р.З. Акбердин, к. э. н., доц. Э.Л. Лавриненко$gОтв. ред. проф. Ю.Д. Турусин]$vЧ. 1
_97176473
_cМ.
_d1997
_fМ-во общ. и проф. образования Рос. Федерации. Гос. акад. упр. им. Серго Орджоникидзе, Ин-т упр. в машиностроит. пром-сти. Каф. произв. менеджмента в машиностроении
_nГАУ
_oДля студентов спец. "Менеджмент" 061100 специализаций "Произв. менеджмент в машиностроении" - 061101, "Инновац. менеджмент" - 061112, "Упр. персоналом" - 061111
_tСборник задач, экономических игр и ситуаций по дисциплине "Экономика предприятия"
_vЧ. 1
801 0 _aRU
_bNLR
_gpsbo
801 1 _aRU
_bELAR
_2rusmarc
852 _aNLR
_j97-4/14450
942 _cBOOK
980 _aNB